00258nam a22000977a 4500020000700000082001900007100001900026245002100045260006800066300002600134 aNA 222a294.382322 aThera, Narada. aThe Dhammapada / bThe coporate body of the buddha educationd foundation.cc 1994. a333 p, ;bNAc 24 cm.